| 000 | 00563nam a22001337a 4500 | ||
|---|---|---|---|
| 040 | _cRUA | ||
| 082 | _aAGR MOM 2015 B475 Or.1 | ||
| 100 | _aMOM MEI; មុំ ម៉ី | ||
| 245 | _aEffect of orginic fertilizers on chinese cabbage at royal university of agriculture, ឥទ្ធិពលជីធម្មជាតិទៅលើដំណាំស្ពៃតឿនៅសាកលវិទ្យាល័យភូមិន្ទកសិកម្ម | ||
| 260 |
_aPhnom Penh _bRUA _c2015 |
||
| 300 |
_axiii,50p. _bill. _c29cm. |
||
| 856 | _uMOM MEI | ||
| 942 | _cAGR | ||
| 999 |
_c8076 _d8076 |
||